| 000 | 01113nam a22002897a 4500 | ||
|---|---|---|---|
| 003 | DO-SdBNP | ||
| 005 | 20220324093328.0 | ||
| 008 | 171123b1989 sp a ||||| |||| 00| 0 spa d | ||
| 020 | _a8450585708 | ||
| 040 |
_aBPMSU _bspa _cBPMSU |
||
| 082 |
_a759.6 _bC139G 1989 _222 |
||
| 110 | 2 |
_aCasa del Monte : _c (Madrid) |
|
| 245 | 1 | 0 |
_aGerardo Rueda : _bexposición retrospectiva, 1944-1989 =Retrospective exhibition _c |
| 260 |
_aMadrid : _bCaja de Madrid, _c1989. |
||
| 300 |
_a406 p. : _bil., retrs. ; _c25 cm. |
||
| 500 | _aTexto bilingüe español-inglés. | ||
| 500 | _a "Con motivo del sesquicentenario de la Caja de Madrid" | ||
| 500 | _aExposición realizada de mayo 11 a junio 30 de 1989. | ||
| 504 | _aBibliografía: p. 351-356 | ||
| 590 | _6Inventariado, 2022/VM | ||
| 600 | 1 | 4 |
_aRueda, Gerardo, _d1926-1996 _xTrabajos pictóricos _vExposiciones _vCatálogos. |
| 650 | 4 |
_aPintores españoles _vExposiciones _vCatálogos _x |
|
| 650 | 4 |
_aPintura española _vExposiciones _vCatálogos. |
|
| 740 | 0 | 2 | _aGerardo Rueda : 1944-1989 Restrospective exhibition. |
| 910 | _aVMateo V. | ||
| 942 |
_2ddc _cBK |
||
| 999 |
_c13044 _d13044 |
||